Visualizzazione normale
Vista MARC
- Musorgskij Modest
di Personal Name
Records bibliografici associati: 1
001 - CONTROL NUMBER
- control field: 8155
003 - CONTROL NUMBER IDENTIFIER
- control field: IT-RoPau
005 - DATE AND TIME OF LATEST TRANSACTION
- control field: 20140108101933.0
008 - FIXED-LENGTH DATA ELEMENTS
- fixed length control field: 140108|| aca||aabn | a|a d
040 ## - CATALOGING SOURCE
- Original cataloging agency: IT-RoPau
- Transcribing agency: IT-RoPau
100 ## - HEADING--PERSONAL NAME
- Personal name: Musorgskij Modest
- Dates associated with a name: Codice autore musica SPICS: 3431
- Relator term: Autore musica
- Name of part/section of a work: Night On the Bare Mountain - Khovanshchina: Prelude; Dance of the Persian Slaves
670 ## - SOURCE DATA FOUND
- Source citation: Work cat.: (IT-RoPau)103009: AA.VV. 794, Russian Delights (Lp Sxl 6119)